[Event "Guernsey op 33rd"]
[Site "Guernsey"]
[Date "2007.10.24"]
[Round "4"]
[White "Ravikumar, Vaidyanathan"]
[Black "Cornelisse, Johnny JA"]
[Result "1/2-1/2"]
[WhiteElo "2350"]
[BlackElo "2187"]
[PlyCount "81"]
[EventDate "2007.10.21"]
[EventType "swiss"]
[EventRounds "7"]
[EventCountry "GCI"]
[SourceTitle "EXT 2009"]
[Source "ChessBase"]
[SourceDate "2008.11.26"]
[SourceVersion "1"]
[SourceVersionDate "2008.11.26"]
[SourceQuality "1"]

1. Nf3 Nf6 2. b3 d6 3. d4 g6 4. Bb2 Bg7 5. g3 0-0 6. Bg2 c6 7. 0-0 Na6 8. c4 Ne4 9. Nc3 Nxc3 10. Bxc3 d5 11. cxd5 cxd5 12. Rc1 Nc7 13. Ne5 Nb5 14. Bb2 Be6 15. Rc5 a6 16. a4 b6 17. Rc1 Nd6 18. Ba3 Rc8 19. Qd3 b5 20. e3 Qe8 21. axb5 axb5 22. Bb4 f6 23. Nf3 Ne4 24. Rxc8 Bxc8 25. Rc1 Bf5 26. Qe2 Qd7 27. Nd2 Qb7 28. Nxe4 dxe4 29. Bf1 Rb8 30. Rc5 Bd7 31. Qc2 Bf8 32. Rc7 Qd5 33. Bc5 Ra8 34. Ra7 Rxa7 35. Bxa7 e5 36. Bc5 exd4 37. Bxd4 Kf7 38. Qc7 Qd6 39. Qa7 Be7 40. b4 Qc6 41. Bc5 1/2-1/2

[Event "Commonwealth-ch"]
[Site "Sangli"]
[Date "2000.??.??"]
[Round "5"]
[White "Fominyh, Alexander"]
[Black "Ravikumar, Vaidyanathan"]
[Result "1-0"]
[WhiteElo "2551"]
[BlackElo "2350"]
[PlyCount "65"]
[EventDate "2000.??.??"]
[EventType "swiss"]
[EventRounds "11"]
[EventCountry "IND"]
[SourceTitle "EXT 2001"]
[Source "ChessBase"]
[SourceDate "2000.11.22"]
[SourceVersion "1"]
[SourceVersionDate "2000.11.22"]
[SourceQuality "1"]

1. d4 Nf6 2. Nf3 d6 3. g3 g6 4. Bg2 Bg7 5. 0-0 0-0 6. c4 Nc6 7. Nc3 a6 8. h3 Rb8 9. e4 b5 10. cxb5 axb5 11. Re1 e5 12. d5 Ne7 13. b4 Bd7 14. Rb1 Qc8 15. Kh2 Rd8 16. a4 bxa4 17. b5 Qb7 18. Qxa4 Ra8 19. Qb4 Nc8 20. Be3 Nb6 21. Nd2 h5 22. Nb3 Qc8 23. Na5 h4 24. Nc6 hxg3+ 25. fxg3 Bxc6 26. bxc6 Rb8 27. Nb5 Na8 28. Qa5 Rf8 29. Ba7 Rxb5 30. Rxb5 Nb6 31. Bxb6 cxb6 32. Qxb6 Nh5 33. c7 1-0

[Event "Lloyds Bank op 16th"]
[Site "London"]
[Date "1992.??.??"]
[Round "?"]
[White "Ravikumar, Vaidyanathan"]
[Black "King, Daniel J"]
[Result "0-1"]
[WhiteElo "2380"]
[BlackElo "2510"]
[PlyCount "70"]
[EventDate "1992.08.??"]
[EventType "swiss"]
[EventRounds "10"]
[EventCountry "ENG"]
[SourceTitle "CBM 031 Extra"]
[Source "ChessBase"]
[SourceDate "1993.01.01"]
[SourceVersion "1"]
[SourceVersionDate "1993.01.01"]
[SourceQuality "1"]

1. e4 g6 2. d4 Bg7 3. Nc3 d6 4. h3 a6 5. a4 Nf6 6. Nf3 0-0 7. Be3 b6 8. Bd3 Bb7 9. 0-0 Nc6 10. Qd2 e5 11. dxe5 dxe5 12. Bg5 Qd6 13. Qe2 Rfe8 14. Rfe1 Nd4 15. Nxd4 exd4 16. e5 Qc6 17. Qf1 dxc3 18. Bxf6 cxb2 19. Rab1 Qc3 20. Re3 Bxf6 21. Be4 Qxe5 22. Bxb7 Qc5 23. Bxa8 Rxa8 24. Qe2 Kg7 25. c4 Rd8 26. Rxb2 Bxb2 27. Qxb2+ Qd4 28. Qb4 Qf6 29. Re1 a5 30. Qe7 Rd2 31. Qxf6+ Kxf6 32. Rc1 Rb2 33. g3 Rb4 34. c5 b5 35. axb5 Rxb5 0-1

[Event "Lloyds Bank op 14th"]
[Site "London"]
[Date "1990.??.??"]
[Round "?"]
[White "Kaidanov, Gregory S"]
[Black "Ravikumar, Vaidyanathan"]
[Result "1-0"]
[WhiteElo "2500"]
[BlackElo "2350"]
[PlyCount "79"]
[EventDate "1990.08.??"]
[EventType "swiss"]
[EventRounds "10"]
[EventCountry "ENG"]
[SourceTitle "EXT 1997"]
[Source "ChessBase"]
[SourceDate "1996.11.15"]
[SourceVersion "1"]
[SourceVersionDate "1996.11.15"]
[SourceQuality "1"]

1. d4 Nf6 2. c4 e6 3. g3 d5 4. Bg2 Be7 5. Nf3 0-0 6. 0-0 c6 7. Qc2 Ne4 8. Nbd2 f5 9. Ne5 Nd7 10. Nd3 Bf6 11. e3 Qe7 12. Nf3 b6 13. Nfe5 Bxe5 14. dxe5 Ba6 15. b3 Rfd8 16. f3 Ng5 17. a4 Rac8 18. Ba3 Qe8 19. a5 Bb7 20. a6 Ba8 21. c5 Nb8 22. Bb2 Rc7 23. Bd4 Nd7 24. Rf2 Qe7 25. Qc3 Rf8 26. b4 Rcc8 27. Rff1 Qd8 28. Ra2 Qc7 29. h4 Nf7 30. Bh3 Rce8 31. Qa1 Re7 32. g4 fxg4 33. fxg4 Nd8 34. Rxf8+ Nxf8 35. Rf2 Nd7 36. g5 Qb8 37. Nf4 Qc8 38. Qf1 b5 39. g6 h6 40. Nh5 1-0

[Event "BCF-ch 77th"]
[Site "Eastbourne"]
[Date "1990.??.??"]
[Round "?"]
[White "Ravikumar, Vaidyanathan"]
[Black "Flear, Christine"]
[Result "1-0"]
[WhiteElo "2350"]
[BlackElo "2185"]
[PlyCount "85"]
[EventDate "1990.07.??"]
[EventType "swiss"]
[EventRounds "11"]
[EventCountry "ENG"]
[SourceTitle "EXT 2000"]
[Source "ChessBase"]
[SourceDate "1999.11.16"]
[SourceVersion "1"]
[SourceVersionDate "1999.11.16"]
[SourceQuality "1"]

1. c4 f5 2. Nc3 Nf6 3. g3 g6 4. Bg2 Bg7 5. d3 d6 6. e3 0-0 7. Nge2 a5 8. Rb1 e5 9. 0-0 Nc6 10. b3 Bd7 11. Bb2 Rb8 12. Qd2 Ne7 13. Nb5 Bxb5 14. cxb5 c6 15. bxc6 bxc6 16. Rfc1 Qb6 17. d4 e4 18. Ba3 Rfd8 19. Nc3 Nfd5 20. Na4 Qa7 21. Rc4 Nb6 22. Nxb6 Qxb6 23. Rbc1 Rbc8 24. Ra4 Ra8 25. Qc2 Rac8 26. Bf1 Kf8 27. Qc3 Ra8 28. Qc4 Qb7 29. Qe6 Qd7 30. Qxd7 Rxd7 31. b4 Rda7 32. bxa5 Rxa5 33. Rxa5 Rxa5 34. Bxd6 Rxa2 35. Rxc6 Ke8 36. Rc7 Bf6 37. Bb5+ Kf8 38. h4 Ra1+ 39. Kg2 Ra2 40. Bc5 Ra8 41. d5 Rd8 42. Bc4 Ke8 43. d6 1-0

[Event "Dieren op"]
[Site "Dieren"]
[Date "1990.??.??"]
[Round "1"]
[White "Ravikumar, Vaidyanathan"]
[Black "Simic, Radoslav"]
[Result "0-1"]
[WhiteElo "2355"]
[BlackElo "2505"]
[PlyCount "74"]
[EventDate "1990.07.??"]
[EventType "swiss"]
[EventRounds "9"]
[EventCountry "NED"]
[SourceTitle "CBM 019 Extra"]
[Source "ChessBase"]
[SourceDate "1991.01.01"]
[SourceVersion "1"]
[SourceVersionDate "1991.01.01"]
[SourceQuality "1"]

1. d4 Nf6 2. Nf3 g6 3. c4 Bg7 4. Nc3 d5 5. Bg5 Ne4 6. Bh4 Nxc3 7. bxc3 dxc4 8. e3 b5 9. a4 c6 10. Be2 a6 11. 0-0 0-0 12. Nd2 Nd7 13. Bf3 Bb7 14. Qb1 Rb8 15. Rd1 f5 16. axb5 axb5 17. e4 f4 18. e5 Nb6 19. Ra7 Qe8 20. Ne4 Nc8 21. Rxb7 Rxb7 22. Nc5 Ra7 23. Ne6 Nb6 24. Qb4 Qd7 25. Nxf8 Bxf8 26. e6 Qb7 27. Bg5 Nd5 28. Qc5 Ra6 29. h4 h6 30. Bxf4 Nxf4 31. Qe5 Nd5 32. Qg3 Bg7 33. Qxg6 Qb8 34. Re1 Kh8 35. g3 Qf8 36. Qe4 Nf6 37. Qc2 Qg8 0-1

[Event "BCF-ch 77th"]
[Site "Eastbourne"]
[Date "1990.??.??"]
[Round "?"]
[White "Ravikumar, Vaidyanathan"]
[Black "Webster, Andrew"]
[Result "1/2-1/2"]
[WhiteElo "2350"]
[BlackElo "2275"]
[PlyCount "49"]
[EventDate "1990.07.??"]
[EventType "swiss"]
[EventRounds "11"]
[EventCountry "ENG"]
[SourceTitle "EXT 2000"]
[Source "ChessBase"]
[SourceDate "1999.11.16"]
[SourceVersion "1"]
[SourceVersionDate "1999.11.16"]
[SourceQuality "1"]

1. c4 g6 2. Nc3 Bg7 3. g3 Nf6 4. Bg2 0-0 5. d3 c5 6. e4 Nc6 7. Nge2 d6 8. h3 Ne8 9. 0-0 Nc7 10. Be3 Ne6 11. Rb1 Rb8 12. Kh2 Bd7 13. a3 a5 14. Nb5 Ncd4 15. Nexd4 Nxd4 16. Nxd4 Bxd4 17. Bxd4 cxd4 18. f4 b5 19. cxb5 Rxb5 20. b4 axb4 21. Rxb4 Qa5 22. Qb3 Rc8 23. Rb1 Rxb4 24. Qxb4 Qxb4 25. Rxb4 1/2-1/2

[Event "Dieren op"]
[Site "Dieren"]
[Date "1990.??.??"]
[Round "6"]
[White "Reinderman, Dimitri"]
[Black "Ravikumar, Vaidyanathan"]
[Result "1-0"]
[WhiteElo "2245"]
[BlackElo "2355"]
[PlyCount "85"]
[EventDate "1990.07.??"]
[EventType "swiss"]
[EventRounds "9"]
[EventCountry "NED"]
[SourceTitle "CBM 019 Extra"]
[Source "ChessBase"]
[SourceDate "1991.01.01"]
[SourceVersion "1"]
[SourceVersionDate "1991.01.01"]
[SourceQuality "1"]

1. e4 c6 2. d4 d5 3. exd5 cxd5 4. c4 Nf6 5. Nc3 g6 6. Qb3 Bg7 7. cxd5 0-0 8. Be2 Nbd7 9. Bf3 Nb6 10. Bf4 Bf5 11. Rd1 a5 12. a4 Rc8 13. Qb5 Rc4 14. Nge2 Rb4 15. Qxa5 Nbxd5 16. Qxd8 Rxd8 17. Bc1 Bc2 18. Rd2 Bb3 19. 0-0 e6 20. g3 b6 21. Kg2 Bc4 22. Re1 Ba6 23. Rc2 Bd3 24. Nxd5 Nxd5 25. Rc6 Bxe2 26. Rxe2 Bxd4 27. Bxd5 Rxd5 28. Bh6 Rd8 29. b3 e5 30. Bg5 Re8 31. Bf6 h6 32. f4 Kh7 33. Rc7 g5 34. f5 Kg8 35. Rec2 Rxb3 36. Rc8 Kf8 37. R2c7 Bc5 38. a5 g4 39. a6 Rb1 40. h4 Rg1+ 41. Kh2 Ra1 42. a7 Ra2+ 43. Kh1 1-0

[Event "Lloyds Bank op 11th"]
[Site "London"]
[Date "1987.??.??"]
[Round "8"]
[White "Ravikumar, Vaidyanathan"]
[Black "Sowray, Peter John"]
[Result "1-0"]
[WhiteElo "2305"]
[BlackElo "2315"]
[PlyCount "85"]
[EventDate "1987.08.??"]
[EventType "swiss"]
[EventRounds "11"]
[EventCountry "ENG"]
[SourceTitle "TD"]
[Source "ChessBase"]
[SourceDate "1994.03.01"]
[SourceVersion "1"]
[SourceVersionDate "1994.03.01"]
[SourceQuality "1"]

1. d4 d5 2. Nf3 Nc6 3. Bf4 Bg4 4. e3 e6 5. Be2 Bd6 6. c3 Nf6 7. Nbd2 0-0 8. h3 Bxf3 9. Nxf3 Qe7 10. 0-0 e5 11. Bg5 e4 12. Nd2 h6 13. Bxf6 Qxf6 14. c4 Qe6 15. cxd5 Qxd5 16. Bc4 Qf5 17. Qg4 Qxg4 18. hxg4 Na5 19. Bd5 Bb4 20. Nxe4 c6 21. Bb3 Nxb3 22. axb3 Rfe8 23. f3 a6 24. Kf2 Rad8 25. Rfc1 Rd5 26. Nc3 Rd7 27. Ne4 Rd5 28. Rc4 Rb5 29. Ke2 Bf8 30. Rc3 Rd8 31. Ra4 g6 32. Rac4 Ra5 33. Rc1 Kg7 34. Kd3 Rad5 35. Nc5 Bxc5 36. Rxc5 R5d6 37. Re5 Kf8 38. b4 R8d7 39. Rh1 Kg7 40. Kc4 b6 41. Ra1 Kf6 42. Rxa6 c5 43. bxc5 1-0

[Event "Lloyds Bank op 10th"]
[Site "London"]
[Date "1986.??.??"]
[Round "8"]
[White "Depasquale, Chris"]
[Black "Ravikumar, Vaidyanathan"]
[Result "0-1"]
[WhiteElo "2305"]
[BlackElo "2370"]
[PlyCount "122"]
[EventDate "1986.08.??"]
[EventType "swiss"]
[EventRounds "9"]
[EventCountry "ENG"]
[SourceTitle "EXT 2000"]
[Source "ChessBase"]
[SourceDate "1999.11.16"]
[SourceVersion "1"]
[SourceVersionDate "1999.11.16"]
[SourceQuality "1"]

1. e4 c5 2. b4 cxb4 3. d4 d5 4. exd5 Nf6 5. Bb5+ Nbd7 6. c4 bxc3 7. Nxc3 a6 8. Bxd7+ Qxd7 9. Qb3 e6 10. dxe6 Qxe6+ 11. Nge2 Qxb3 12. axb3 Be6 13. 0-0 Bb4 14. Bg5 Nd5 15. Nxd5 Bxd5 16. Nf4 Be6 17. Nxe6 fxe6 18. Bf4 0-0 19. Be5 Rac8 20. Rfc1 Bc3 21. Rab1 Bd2 22. Rc4 b5 23. Rc5 Bb4 24. Rxc8 Rxc8 25. g4 a5 26. Kg2 Rc2 27. Kf3 Kf7 28. h4 g6 29. Ke3 Ke8 30. f3 Kd7 31. h5 Kc6 32. Kd3 Rd2+ 33. Ke4 Re2+ 34. Kd3 Re1 35. hxg6 hxg6 36. Rb2 Kd5 37. Bf4 Rd1+ 38. Ke2 Ra1 39. Kd3 Ra3 40. Be3 a4 41. Kc2 Rxb3 42. Rxb3 axb3+ 43. Kxb3 Be1 44. Bg1 b4 45. Be3 Bc3 46. Bf2 Bxd4 47. Be1 Bc5 48. Bh4 Bf8 49. Bf2 Be7 50. Be3 Bc5 51. Bg5 Kd4 52. Kc2 Kc4 53. Bf6 Bd4 54. g5 Bc3 55. Bd8 b3+ 56. Kc1 Kd3 57. Bf6 e5 58. Kb1 Ke3 59. f4 Kxf4 60. Kc1 Ke3 61. Bd8 Kd3 0-1

[Event "London NWYM"]
[Site "London"]
[Date "1986.??.??"]
[Round "8"]
[White "Gallagher, Joseph G"]
[Black "Ravikumar, Vaidyanathan"]
[Result "0-1"]
[WhiteElo "2325"]
[BlackElo "2370"]
[PlyCount "78"]
[EventDate "1986.??.??"]
[EventType "tourn"]
[EventRounds "9"]
[EventCountry "ENG"]
[EventCategory "6"]
[SourceTitle "EXT 2002"]
[Source "ChessBase"]
[SourceDate "2001.11.25"]
[SourceVersion "1"]
[SourceVersionDate "2001.11.25"]
[SourceQuality "1"]

1. e4 c6 2. d4 d5 3. exd5 cxd5 4. Bd3 Nc6 5. c3 Nf6 6. Bf4 g6 7. Nf3 Bg7 8. 0-0 Bf5 9. Bxf5 gxf5 10. Ne5 e6 11. Nd2 0-0 12. Re1 Ne4 13. Qh5 f6 14. Nxc6 bxc6 15. Nb3 e5 16. Bc1 f4 17. f3 Ng5 18. Nc5 Qe8 19. Qg4 Qg6 20. Kh1 Rfd8 21. Qh4 Re8 22. Qf2 Bf8 23. b4 Re7 24. g3 Qh5 25. Rf1 Rg7 26. g4 Qh3 27. Qg2 Bxc5 28. bxc5 h5 29. Qxh3 Nxh3 30. Kg2 hxg4 31. fxg4 Ng5 32. h4 Ne4 33. Kf3 Kf7 34. c4 Ke6 35. dxe5 fxe5 36. g5 Rh8 37. cxd5+ cxd5 38. Rh1 Nxg5+ 39. Ke2 Ne4 0-1

[Event "London NWYM"]
[Site "London"]
[Date "1986.??.??"]
[Round "6"]
[White "Hebden, Mark"]
[Black "Ravikumar, Vaidyanathan"]
[Result "1-0"]
[WhiteElo "2445"]
[BlackElo "2370"]
[PlyCount "121"]
[EventDate "1986.??.??"]
[EventType "tourn"]
[EventRounds "9"]
[EventCountry "ENG"]
[EventCategory "6"]
[SourceTitle "EXT 2002"]
[Source "ChessBase"]
[SourceDate "2001.11.25"]
[SourceVersion "1"]
[SourceVersionDate "2001.11.25"]
[SourceQuality "1"]

1. e4 c6 2. d4 g6 3. Nc3 Bg7 4. Bc4 b5 5. Bb3 b4 6. Nce2 d6 7. a3 bxa3 8. Rxa3 Nf6 9. Nc3 0-0 10. Nf3 Ba6 11. h3 Nfd7 12. Be3 Qc8 13. Qd2 c5 14. Bh6 Nc6 15. Bxg7 Kxg7 16. Bd5 e6 17. Bxc6 Qxc6 18. d5 Qb6 19. h4 h5 20. dxe6 fxe6 21. Nd1 Qc6 22. Ng5 Rae8 23. Qa5 Bb7 24. Qc3+ Kg8 25. Rxa7 d5 26. 0-0 d4 27. Qg3 Qb6 28. Ra3 c4 29. c3 e5 30. b3 Nc5 31. bxc4 Nxe4 32. Nxe4 Bxe4 33. cxd4 exd4 34. Rb3 Qc6 35. Nb2 Bc2 36. Rb5 Bf5 37. Nd3 Bxd3 38. Qxd3 Qe4 39. Qxe4 Rxe4 40. Rd5 Rc8 41. f3 Re3 42. Rxd4 Rc3 43. Rd6 Kg7 44. Re1 R3xc4 45. Ree6 Rxh4 46. Rxg6+ Kf7 47. Rh6 Rc5 48. Rh7+ Kg8 49. Ra7 Rf4 50. Rg6+ Kf8 51. Rgg7 Ra4 52. Raf7+ Ke8 53. Rb7 Kf8 54. Rgd7 Ra8 55. Kh2 Rg5 56. Kh3 Kg8 57. g3 Rf5 58. f4 Re8 59. Kh4 Rc8 60. Rg7+ Kf8 61. Rh7 1-0

[Event "BCF-ch"]
[Site "Southampton"]
[Date "1986.??.??"]
[Round "7"]
[White "Le Blancq, Simon"]
[Black "Ravikumar, Vaidyanathan"]
[Result "1/2-1/2"]
[WhiteElo "2270"]
[BlackElo "2345"]
[PlyCount "75"]
[EventDate "1986.07.28"]
[EventType "swiss"]
[EventRounds "11"]
[EventCountry "ENG"]
[SourceTitle "EXT 1999"]
[Source "ChessBase"]
[SourceDate "1998.11.16"]
[SourceVersion "1"]
[SourceVersionDate "1998.11.16"]
[SourceQuality "1"]

1. d4 d5 2. Nf3 Nf6 3. c4 dxc4 4. e3 e6 5. Bxc4 a6 6. 0-0 c5 7. dxc5 Bxc5 8. a3 Nbd7 9. b4 Be7 10. Bb2 0-0 11. Nbd2 b5 12. Be2 Bb7 13. Rc1 Rc8 14. Rxc8 Qxc8 15. Qa1 Qa8 16. Rc1 Rd8 17. Nb3 Bd5 18. Na5 Bf8 19. Bd4 Ne8 20. Ne1 Nd6 21. Bf3 Ne4 22. Bxe4 Bxe4 23. f3 Bg6 24. e4 f6 25. Qc3 Bd6 26. Nd3 e5 27. Be3 Bf7 28. Nc5 Nxc5 29. Bxc5 Bc7 30. Nb3 Qc6 31. Be3 Bc4 32. Nc5 Bb6 33. Qe1 a5 34. Rd1 axb4 35. Rxd8+ Bxd8 36. axb4 Be7 37. Qd2 Kf7 38. h3 1/2-1/2

[Event "BCF-ch"]
[Site "Southampton"]
[Date "1986.??.??"]
[Round "3"]
[White "Ravikumar, Vaidyanathan"]
[Black "Condie, Mark L"]
[Result "1/2-1/2"]
[WhiteElo "2345"]
[BlackElo "2410"]
[PlyCount "57"]
[EventDate "1986.07.28"]
[EventType "swiss"]
[EventRounds "11"]
[EventCountry "ENG"]
[SourceTitle "EXT 1999"]
[Source "ChessBase"]
[SourceDate "1998.11.16"]
[SourceVersion "1"]
[SourceVersionDate "1998.11.16"]
[SourceQuality "1"]

1. d4 d5 2. c4 e6 3. Nc3 Nf6 4. Bg5 Nbd7 5. cxd5 exd5 6. e3 Be7 7. Bd3 0-0 8. Qc2 Re8 9. Nf3 Nf8 10. 0-0 c6 11. Rab1 Ng6 12. b4 Bd6 13. b5 Bg4 14. bxc6 bxc6 15. Nh4 Bh5 16. h3 h6 17. Bxf6 Qxf6 18. Nxg6 Bxg6 19. Bxg6 fxg6 20. Ne2 Rac8 21. Rb7 g5 22. Rfb1 g4 23. hxg4 Re4 24. Rd7 Rf8 25. f3 Rxe3 26. Rbb7 Rfe8 27. Qxc6 Bh2+ 28. Kxh2 Qh4+ 29. Kg1 1/2-1/2

[Event "BCF-ch"]
[Site "Southampton"]
[Date "1986.??.??"]
[Round "10"]
[White "Ravikumar, Vaidyanathan"]
[Black "Emms, John M"]
[Result "1/2-1/2"]
[WhiteElo "2345"]
[BlackElo "2305"]
[PlyCount "45"]
[EventDate "1986.07.28"]
[EventType "swiss"]
[EventRounds "11"]
[EventCountry "ENG"]
[SourceTitle "EXT 1999"]
[Source "ChessBase"]
[SourceDate "1998.11.16"]
[SourceVersion "1"]
[SourceVersionDate "1998.11.16"]
[SourceQuality "1"]

1. d4 e6 2. c4 Nf6 3. Nc3 Bb4 4. Qb3 c5 5. dxc5 Nc6 6. Nf3 Ne4 7. Bd2 Nxd2 8. Nxd2 Bxc5 9. e3 0-0 10. Be2 f5 11. 0-0 b6 12. Nf3 Bb7 13. Rad1 f4 14. Ne4 Na5 15. Qd3 Bxe4 16. Qxe4 fxe3 17. fxe3 Nc6 18. a3 a5 19. Bd3 g6 20. Bc2 Qc7 21. Kh1 Be7 22. Ba4 Rad8 23. Kg1 1/2-1/2

[Event "BCF-ch"]
[Site "Southampton"]
[Date "1986.??.??"]
[Round "8"]
[White "Ravikumar, Vaidyanathan"]
[Black "Nicholson, John G"]
[Result "0-1"]
[WhiteElo "2345"]
[BlackElo "2295"]
[PlyCount "49"]
[EventDate "1986.07.28"]
[EventType "swiss"]
[EventRounds "11"]
[EventCountry "ENG"]
[SourceTitle "EXT 1999"]
[Source "ChessBase"]
[SourceDate "1998.11.16"]
[SourceVersion "1"]
[SourceVersionDate "1998.11.16"]
[SourceQuality "1"]

1. Nf3 c5 2. g3 b6 3. Bg2 Bb7 4. 0-0 Nf6 5. d3 e6 6. e4 d5 7. Nbd2 Nc6 8. Re1 Be7 9. a3 Qc7 10. Nf1 dxe4 11. dxe4 Rd8 12. Qe2 e5 13. Bg5 Nd4 14. Nxd4 cxd4 15. f4 0-0 16. fxe5 Qxe5 17. Bf4 Qe6 18. Nd2 Bc5 19. Kh1 Ng4 20. Nb3 Rfe8 21. Rad1 d3 22. Nxc5 dxe2 23. Rxd8 bxc5 24. Rxe8+ Qxe8 25. Rxe2 0-1

[Event "London NWYM"]
[Site "London"]
[Date "1986.??.??"]
[Round "3"]
[White "Ravikumar, Vaidyanathan"]
[Black "Rodgaard, John"]
[Result "1/2-1/2"]
[WhiteElo "2370"]
[BlackElo "2350"]
[PlyCount "85"]
[EventDate "1986.??.??"]
[EventType "tourn"]
[EventRounds "9"]
[EventCountry "ENG"]
[EventCategory "6"]
[SourceTitle "EXT 2002"]
[Source "ChessBase"]
[SourceDate "2001.11.25"]
[SourceVersion "1"]
[SourceVersionDate "2001.11.25"]
[SourceQuality "1"]

1. d4 e6 2. c4 Nf6 3. Nc3 d5 4. Nf3 Be7 5. Bg5 h6 6. Bh4 Ne4 7. Bxe7 Qxe7 8. Nxe4 dxe4 9. Nd2 f5 10. e3 0-0 11. Be2 b6 12. 0-0 Bb7 13. Qb3 Nd7 14. Rac1 Kh8 15. Rc3 c6 16. c5 e5 17. Nc4 exd4 18. exd4 Rab8 19. Qa3 bxc5 20. dxc5 Nf6 21. Nd6 Bc8 22. Bc4 Be6 23. Bxe6 Qxe6 24. Re1 Nd5 25. Rb3 Rxb3 26. Qxb3 Qe5 27. g3 Qd4 28. Rc1 Qe5 29. Rc4 e3 30. f4 e2 31. fxe5 e1Q+ 32. Kg2 Qe2+ 33. Kh3 Qxe5 34. Ra4 f4 35. Qf3 Kg8 36. Rxa7 fxg3 37. Qxf8+ Kxf8 38. Ra8+ Ke7 39. Re8+ Kf6 40. Rxe5 Kxe5 41. hxg3 Kd4 42. Nf5+ Kxc5 43. Nxg7 1/2-1/2

[Event "London NWYM"]
[Site "London"]
[Date "1986.??.??"]
[Round "9"]
[White "Ravikumar, Vaidyanathan"]
[Black "Schiller, Eric Andrew"]
[Result "1/2-1/2"]
[WhiteElo "2370"]
[BlackElo "2230"]
[PlyCount "28"]
[EventDate "1986.??.??"]
[EventType "tourn"]
[EventRounds "9"]
[EventCountry "ENG"]
[EventCategory "6"]
[SourceTitle "EXT 2002"]
[Source "ChessBase"]
[SourceDate "2001.11.25"]
[SourceVersion "1"]
[SourceVersionDate "2001.11.25"]
[SourceQuality "1"]

1. e4 c6 2. d4 d5 3. Nc3 dxe4 4. Nxe4 Nd7 5. Bc4 Ngf6 6. Ng5 e6 7. Qe2 Nb6 8. Bd3 h6 9. N5f3 c5 10. dxc5 Bxc5 11. Ne5 Nbd7 12. Ngf3 Nxe5 13. Nxe5 0-0 14. Bd2 Qd5 1/2-1/2